Statistics for Germany Euro 2016 Squad

Click here to take the quiz!

General Stats

  • This quiz has been taken 1,044 times
  • The average score is 16 of 23

Answer Stats

PositionPlayer% Correct
GKManuel Neuer
99%
DEFJerome Boateng
94%
DEFMats Hummels
92%
FWDThomas Muller
91%
MIDMesut Ozil
86%
GKMarc-Andre Ter Stegen
82%
MIDToni Kroos
81%
FWDMario Gomez
80%
MIDBastian Schweinsteiger
78%
MIDMario Gotze
78%
MIDSami Khedira
73%
MIDJoshua Kimmich
67%
GKBernd Leno
64%
DEFBenedikt Howedes
61%
DEFJonas Hector
61%
MIDJulian Draxler
59%
FWDLukas Podolski
56%
DEFShkodran Mustafi
54%
FWDAndre Schurrle
50%
MIDLeroy Sane
46%
DEFEmre Can
39%
DEFAntonio Rudiger
38%
MIDJulian Weigl
23%

Score Distribution

Percentile by Number Answered

Percent of People with Each Score

Your Score History

You have not taken this quiz